Statistiques concernant Records du Monde Athlétisme

Cliquez ici pour prendre le quiz!

Statistiques générales

  • Ce quiz a été pris 187 fois
  • Le résultat moyen est 13 sur 23

Statistiques - réponses

HintRéponse% Correct
100 mUsain Bolt
93%
Saut à la PercheArmand Duplantis
88%
DécathlonKevin Mayer
85%
200 mUsain Bolt
83%
Relais 4 x 400 mEtats-Unis
70%
1 500 mHicham El Guerrouj
63%
Relais 4 x 100 mJamaïque
63%
MarathonKelvin Kiptum
62%
Saut en LongueurMike Powell
62%
400 mWayde van Niekerk
60%
Lancer du JavelotJan Železný
58%
400 m HaiesKarsten Warholm
58%
800 mDavid Rudisha
53%
Saut en HauteurJavier Sotomayor
52%
Triple SautJonathan Edwards
50%
110 m HaiesAries Merritt
47%
10 000 mJoshua Cheptegei
45%
Lancer du PoidsRyan Crouser
45%
5 000 mJoshua Cheptegei
40%
3 000 m SteepleLamecha Girma
35%
20 km MarcheYūsuke Suzuki
35%
Lancer du DisqueMykolas Alekna
32%
Lancer du MarteauYouri Sedykh
32%

Distribution des résultats

Percentile par nombre de réponses

% des personnes avec chaque résultat

Votre développement - résultats

Vous n’avez pas pris ce quiz